00349cam a22001217a 4500008004000000082001500040100001900055245006800074260002600142300001000168650002600178650002300204180718b1976 xxu||||| |||| 00| 0 eng d aW7x54 K965 aKuppuswamy, B. aCommunication and social development in Indiacby B. Kuppuswamy aDelhibSterlingc1976 a364p. aSocial change - India aMass media - India